The art of teaching / (Record no. 185992)
[ view plain ]
| 000 -LEADER | |
|---|---|
| fixed length control field | 00562 a2200169 4500 |
| 003 - CONTROL NUMBER IDENTIFIER | |
| control field | Nust |
| 005 - DATE AND TIME OF LATEST TRANSACTION | |
| control field | 20230310121355.0 |
| 040 ## - CATALOGING SOURCE | |
| Transcribing agency | Nust |
| 082 ## - DEWEY DECIMAL CLASSIFICATION NUMBER | |
| Classification number | 371.102,HIG |
| 100 ## - MAIN ENTRY--PERSONAL NAME | |
| Personal name | Highet, Gilbert |
| 9 (RLIN) | 49670 |
| 245 ## - TITLE STATEMENT | |
| Title | The art of teaching / |
| Statement of responsibility, etc. | Gilbert Highet |
| 260 ## - PUBLICATION, DISTRIBUTION, ETC. | |
| Place of publication, distribution, etc. | New york |
| Name of publisher, distributor, etc. | Alferad company |
| Date of publication, distribution, etc. | 1936 |
| 300 ## - PHYSICAL DESCRIPTION | |
| Extent | 260,p: |
| 505 ## - FORMATTED CONTENTS NOTE | |
| Formatted contents note | Introduction (Page-3), The Teacher (Page-8), The Teacher Methods (Page-66), Great Teachers and Their Pupils (Page-154), Teaching in Everyday Life (Page-234). |
| 650 ## - SUBJECT ADDED ENTRY--TOPICAL TERM | |
| Topical term or geographic name entry element | The art of teaching |
| 9 (RLIN) | 110148 |
| 942 ## - ADDED ENTRY ELEMENTS (KOHA) | |
| Source of classification or shelving scheme | |
| Koha item type | Book |
| Withdrawn status | Lost status | Source of classification or shelving scheme | Damaged status | Not for loan | Permanent Location | Current Location | Shelving location | Date acquired | Full call number | Barcode | Date last seen | Price effective from | Koha item type | Public note |
|---|---|---|---|---|---|---|---|---|---|---|---|---|---|---|
| Military College of Signals (MCS) | Military College of Signals (MCS) | General Stacks | 12/12/2016 | 371.102,HIG | MCS30217 | 12/08/2016 | 12/12/2016 | Book | Almirah No.74, Shelf No.3 |
